000 00286nam a2200121Ia 4500
008 240624s9999 xx 000 0 und d
041 _aeng
082 _a172.2 SAN
100 _aSANDEL MICHAEL J
245 _aJUSTICE WHAT S THE RIGHT THING TO DO
260 _c2010
300 _a320 : p.
999 _c18117
_d18117